Somatic embryogenesis in woody plants V.6 (Record no. 41967)

MARC details
000 -LEADER
fixed length control field 00435nam a2200157Ia 4500
020 ## - INTERNATIONAL STANDARD BOOK NUMBER
ISBN 0792364198
082 ## - DEWEY DECIMAL CLASSIFICATION NUMBER
Classification number 575.155:57.089.3
Item number SOM.6
100 ## - MAIN ENTRY--AUTHOR NAME
Personal name Jain, S Mohan
245 #0 - TITLE STATEMENT
Title Somatic embryogenesis in woody plants V.6
260 ## - PUBLICATION, DISTRIBUTION, ETC. (IMPRINT)
Place of publication London
Name of publisher Kluwer Academic Publishers
Year of publication 2000
490 ## - SERIES STATEMENT
Series statement Forestry sciences V.67
650 ## - SUBJECT ADDED ENTRY--TOPICAL TERM
Topical Term Cryopreservation
650 ## - SUBJECT ADDED ENTRY--TOPICAL TERM
Topical Term Hevea cryopreservation
650 ## - SUBJECT ADDED ENTRY--TOPICAL TERM
Topical Term Somatic embryogenesis
942 ## - ADDED ENTRY ELEMENTS (KOHA)
Koha item type Books
Holdings
Withdrawn status Lost status Damaged status Not for loan Home library Current library Date acquired Cost, normal purchase price Full call number Accession Number Koha item type
        RRII Library RRII Library 16/12/2021 311.00 575.155:57.089.3 JAI.6 22247 Books